000 00716nam a22002177a 4500
003 OSt
005 20251203163201.0
008 251203b |||||||| |||| 00| 0 eng d
020 _a971-788-004-2.
040 _aDWCL-Main lib.
_cOC
082 _aFil. 001.42 T137d 1998
100 _aLacia, Ferdilyn C.
245 _aDeveloping composition skills and research writing :
_ba task-based college text in English/
_cFerdilyn C. Lacia
260 _aMandaluyong City :
_bOmicron Pub.,
_cc1998.
300 _aix, 217 p. :
_bill. ;
_c25 cm.
650 _a1. Creative writing.
650 _a2. Writing.
700 _dTalavera-Gonzales, Carolina
700 _dAllam, Arsenia S.
942 _2ddc
_cBK - FIL
_hFil.
_n0
999 _c6779
_d6779